American industry in developing economies : The management of international

Guardat en:
Dades bibliogràfiques
Autor principal: Skinner, Wickham
Format: Llibre
Idioma:Undetermined
Publicat: New York Wiley 1968
Matèries:
Etiquetes: Afegir etiqueta
Sense etiquetes, Sigues el primer a etiquetar aquest registre!
Thư viện lưu trữ: Trung tâm Học liệu Trường Đại học Cần Thơ
LEADER 00539nam a2200193Ia 4500
001 CTU_82173
008 210402s9999 xx 000 0 und d
082 |a 658.0236 
082 |b S628 
100 |a Skinner, Wickham 
245 0 |a American industry in developing economies : 
245 4 |b The management of international 
245 0 |c Wickham Skinner 
260 |a New York 
260 |b Wiley 
260 |c 1968 
650 |a Industrial management 
904 |i Trọng Hải 
980 |a Trung tâm Học liệu Trường Đại học Cần Thơ